[Event "Junior Online 4NCL Division 3"]
[Site "online"]
[Date "2020.05.14"]
[Round "5.21"]
[White "Jayawarna, Tarini"]
[Black "Nasibova, Margarita"]
[Result "0-1"]
[WhiteElo "1652"]
[BlackElo "1450"]
[PlyCount "112"]
[EventDate "2020.05.14"]
[WhiteTeam "Manchester Juniors A"]
[BlackTeam "Warwickshire Bears C"]

1. e4 e6 2. d4 Nc6 3. Nf3 d6 4. Nbd2 Nf6 5. Bb5 Bd7 6. O-O a6 7. Bc4 d5 8. exd5
exd5 9. Re1+ Be7 10. Bb3 O-O 11. c3 Bg4 12. h3 Bh5 13. Bc2 Re8 14. Nf1 Bd6 15.
Rxe8+ Qxe8 16. Ne3 Bf4 17. Nf5 Bxc1 18. Rxc1 Ne4 19. Qd3 Qe6 20. Ne3 Re8 21.
Nh4 h6 22. Nhf5 Bg6 23. g4 h5 24. Qd1 Bxf5 25. Nxf5 hxg4 26. Qxg4 g6 27. Nh6+
Kg7 28. Qh4 Rh8 29. Bxe4 dxe4 30. Qg4 Rxh6 31. Qxe6 fxe6 32. Kh2 Kf6 33. Re1
Kf5 34. Kg3 Rh5 35. b3 Rg5+ 36. Kh4 Rh5+ 37. Kg3 g5 38. a3 b5 39. b4 Ne7 40.
Re3 Nd5 41. Re1 Nxc3 42. Rc1 Nd5 43. Rc6 e3 44. fxe3 Nxe3 45. Rxa6 Nf1+ 46. Kg2
Ne3+ 47. Kg3 Ke4 48. Rxe6+ Kxd4 49. Rc6 Nc4 50. Rxc7 Nxa3 51. Rc5 Kd3 52. h4
Rxh4 53. Rxg5 Rxb4 54. Rd5+ Rd4 55. Rxb5 Nxb5 56. Kf3 Rd8 0-1

[Event "Junior Online 4NCL Division 3"]
[Site "online"]
[Date "2020.05.14"]
[Round "5.22"]
[White "Jayaprabu, Jaden"]
[Black "Jayawarna, Thisumi"]
[Result "0-1"]
[WhiteElo "1480"]
[BlackElo "1562"]
[PlyCount "138"]
[EventDate "2020.05.14"]
[WhiteTeam "Warwickshire Bears C"]
[BlackTeam "Manchester Juniors A"]

1. e4 d5 2. exd5 Qxd5 3. Nc3 Qa5 4. Nf3 Nf6 5. Bc4 c6 6. d3 Bf5 7. Ng5 e6 8.
O-O Nbd7 9. Re1 h6 10. Nf3 Qc7 11. Nd4 Bg6 12. Bxe6 O-O-O 13. Bh3 Bd6 14. Nf3
Bh5 15. g3 g5 16. Bg2 Ne5 17. d4 Nxf3+ 18. Bxf3 g4 19. Bg2 Bg6 20. Be3 Kb8 21.
h3 gxh3 22. Bxh3 Rhe8 23. Qf3 Ne4 24. Bg2 Nxc3 25. bxc3 Bxc2 26. Rac1 Bg6 27.
Bxh6 Rxe1+ 28. Rxe1 Rh8 29. Bg7 Rg8 30. Be5 Bxe5 31. dxe5 Re8 32. Qf6 Qe7 33.
Qxe7 Rxe7 34. Bh3 f6 35. e6 f5 36. Kf1 Kc7 37. g4 fxg4 38. Bxg4 Bd3+ 39. Kg1
Bc4 40. a3 Kd6 41. f4 Bxe6 42. Bxe6 Rxe6 43. Kf2 Rxe1 44. Kxe1 Kd5 45. Ke2 Ke4
46. c4 Kxf4 47. Kd3 Ke5 48. Kc3 Ke4 49. Kb4 Kd4 50. a4 b6 51. a5 bxa5+ 52. Kxa5
Kxc4 53. Ka6 c5 54. Kxa7 Kb4 55. Ka6 c4 56. Kb6 c3 57. Kc6 c2 58. Kd5 c1=Q 59.
Ke6 Qc5 60. Kf6 Qd5 61. Ke7 Qc6 62. Kf7 Qd6 63. Kg7 Qe6 64. Kh8 Qe7 65. Kg8 Kc5
66. Kh8 Kd5 67. Kg8 Ke6 68. Kh8 Kf6 69. Kg8 Qg7# 0-1

[Event "Junior Online 4NCL Division 3"]
[Site "online"]
[Date "2020.05.14"]
[Round "5.23"]
[White "Eccleston, Bryony"]
[Black "Chen, Olivia"]
[Result "1-0"]
[WhiteElo "1390"]
[BlackElo "1375"]
[PlyCount "33"]
[EventDate "2020.05.14"]
[WhiteTeam "Manchester Juniors A"]
[BlackTeam "Warwickshire Bears C"]

1. d4 e6 2. Bf4 d5 3. Nf3 Nf6 4. e3 c5 5. c3 Nc6 6. Nbd2 cxd4 7. cxd4 Bb4 8.
Bd3 O-O 9. O-O Re8 10. Nb3 e5 11. dxe5 Ne4 12. Rc1 Qh4 13. Nxh4 g5 14. Bxe4
gxh4 15. Qxd5 Kh8 16. Qxf7 Rg8 17. Qxh7# 1-0

[Event "Junior Online 4NCL Division 3"]
[Site "online"]
[Date "2020.05.14"]
[Round "5.24"]
[White "Vas, Ethan"]
[Black "Fairclough, William"]
[Result "0-1"]
[WhiteElo "1412"]
[BlackElo "1315"]
[PlyCount "104"]
[EventDate "2020.05.14"]
[WhiteTeam "Warwickshire Bears C"]
[BlackTeam "Manchester Juniors A"]

1. c4 c6 2. Nc3 d5 3. b4 e5 4. cxd5 cxd5 5. g3 Bxb4 6. Qa4+ Nc6 7. Bg2 Nf6 8.
Qb3 Bxc3 9. Qxc3 O-O 10. Nf3 Re8 11. O-O Bf5 12. d3 Rc8 13. Bg5 Nd4 14. Qa3 Nc2
15. Qxa7 Nxa1 16. Rxa1 Rc7 17. Rf1 b5 18. Qa5 Qb8 19. Qa6 Ra7 20. Qc6 Rc8 21.
Nxe5 Qxe5 22. Qxb5 Rxa2 23. Bxf6 gxf6 24. Qb3 Rxe2 25. Qb4 Bxd3 26. Qg4+ Bg6
27. Qxc8+ Kg7 28. Qc1 Be4 29. Bxe4 Qxe4 30. f3 Qd4+ 31. Kh1 Rf2 32. Rxf2 Qxf2
33. Qd1 h5 34. Qg1 Qxf3+ 35. Qg2 Qxg2+ 36. Kxg2 Kg6 37. Kf3 Kf5 38. Ke3 Kg4 39.
Kd4 Kh3 40. Kxd5 Kxh2 41. Kd6 Kxg3 42. Ke7 h4 43. Kxf6 h3 44. Kxf7 h2 45. Kf6
h1=Q 46. Kf7 Qc6 47. Ke7 Kf4 48. Kf7 Qd6 49. Ke8 Qc7 50. Kf8 Kg5 51. Ke8 Kf6
52. Kf8 Qf7# 0-1

[Event "Junior Online 4NCL Division 3"]
[Site "online"]
[Date "2020.05.14"]
[Round "5.25"]
[White "Nasibova, Margarita"]
[Black "Jayawarna, Tarini"]
[Result "0-1"]
[WhiteElo "1450"]
[BlackElo "1652"]
[PlyCount "98"]
[EventDate "2020.05.14"]
[WhiteTeam "Warwickshire Bears C"]
[BlackTeam "Manchester Juniors A"]

1. c4 Nf6 2. Nc3 g6 3. g3 Bg7 4. Bg2 O-O 5. e4 d6 6. Nge2 Nc6 7. d3 a6 8. O-O
Rb8 9. h3 b5 10. b3 e5 11. Kh2 Ne7 12. f4 Ne8 13. f5 f6 14. g4 c5 15. Ng3 Nc6
16. Be3 Nd4 17. Qd2 Bd7 18. Bh6 a5 19. Nd5 a4 20. bxa4 bxa4 21. g5 a3 22. gxf6
Nxf6 23. fxg6 hxg6 24. Bg5 Rb2 25. Qd1 Ne6 26. Nxf6+ Bxf6 27. Bh6 Rf7 28. Qg4
Nf4 29. Qf3 g5 30. Rf2 Rxf2 31. Qxf2 Rh7 32. Nf5 Bxf5 33. exf5 Rxh6 34. Qg3
Nxg2 35. Qxg2 e4 36. Qxe4 Bxa1 37. Qd5+ Kh8 38. Qf7 Be5+ 39. Kg2 Qg8 40. Qa7 g4
41. Kf2 gxh3 42. Qxa3 Qg3+ 43. Ke2 h2 44. Qa8+ Qg8 45. Qh1 Qg1 46. Qa8+ Kh7 47.
Qb7+ Bg7 48. a4 h1=Q 49. Qxh1 Rxh1 0-1

[Event "Junior Online 4NCL Division 3"]
[Site "online"]
[Date "2020.05.14"]
[Round "5.26"]
[White "Jayawarna, Thisumi"]
[Black "Jayaprabu, Jaden"]
[Result "1-0"]
[WhiteElo "1562"]
[BlackElo "1480"]
[PlyCount "81"]
[EventDate "2020.05.14"]
[WhiteTeam "Manchester Juniors A"]
[BlackTeam "Warwickshire Bears C"]

1. e4 e5 2. Nf3 Nf6 3. Nc3 Nc6 4. Bc4 Bc5 5. d3 h6 6. O-O O-O 7. h3 Nd4 8. Nxe5
d6 9. Nf3 Ne8 10. Nxd4 Bxd4 11. Bd2 Be5 12. Qf3 c5 13. Qe2 Qh4 14. f4 Bxh3 15.
fxe5 Bg4 16. Rf4 h5 17. Qf2 Qxf2+ 18. Rxf2 dxe5 19. Raf1 Nf6 20. Nd5 Be6 21.
Ne7+ Kh8 22. Bxe6 fxe6 23. Ng6+ Kg8 24. Nxf8 Rxf8 25. Bg5 b5 26. Bxf6 gxf6 27.
Rxf6 Rb8 28. Rxe6 c4 29. Rxe5 cxd3 30. cxd3 Rb7 31. Rxh5 a5 32. Rg5+ Kh8 33. g4
a4 34. e5 b4 35. e6 Re7 36. Rf8+ Kh7 37. Rf7+ Rxf7 38. exf7 Kh6 39. Rg8 Kh7 40.
f8=Q b3 41. Qg7# 1-0

[Event "Junior Online 4NCL Division 3"]
[Site "online"]
[Date "2020.05.14"]
[Round "5.27"]
[White "Chen, Olivia"]
[Black "Eccleston, Bryony"]
[Result "0-1"]
[WhiteElo "1375"]
[BlackElo "1390"]
[PlyCount "72"]
[EventDate "2020.05.14"]
[WhiteTeam "Warwickshire Bears C"]
[BlackTeam "Manchester Juniors A"]

1. d4 Nf6 2. Nf3 e6 3. e3 d5 4. Be2 c5 5. c3 Nc6 6. Nbd2 Be7 7. Bd3 O-O 8. O-O
Bd7 9. Re1 Qc7 10. e4 dxe4 11. Nxe4 Nxe4 12. Bxe4 cxd4 13. cxd4 Rad8 14. Be3
Bb4 15. Bd2 Bxd2 16. Qxd2 Ne7 17. Rac1 Qd6 18. Ne5 Nf5 19. Rc2 Nxd4 20. Nd3
Nxc2 21. Qxc2 Bb5 22. h3 Bxd3 23. Bxd3 Qxd3 24. Qxd3 Rxd3 25. Re2 Rfd8 26. Rc2
Rd2 27. Rc7 Rxb2 28. a4 h6 29. Kh2 Rdd2 30. Rc8+ Kh7 31. Ra8 a6 32. Re8 Rxf2
33. Re7 Rxg2+ 34. Kh1 Rgc2 35. Rxf7 Rb1+ 36. Rf1 Rxf1# 0-1

[Event "Junior Online 4NCL Division 3"]
[Site "online"]
[Date "2020.05.14"]
[Round "5.28"]
[White "Fairclough, William"]
[Black "Vas, Ethan"]
[Result "1/2-1/2"]
[WhiteElo "1315"]
[BlackElo "1412"]
[PlyCount "46"]
[EventDate "2020.05.14"]
[WhiteTeam "Manchester Juniors A"]
[BlackTeam "Warwickshire Bears C"]

1. e4 Nc6 2. Nf3 e6 3. Nc3 Be7 4. Bc4 Nf6 5. O-O O-O 6. d4 d6 7. Re1 d5 8. exd5
exd5 9. Bb3 Bd6 10. Nb5 Be7 11. Bf4 Bb4 12. c3 Bd6 13. Nxd6 cxd6 14. Bg5 Be6
15. Qc2 g6 16. Bh6 Bf5 17. Qd2 Re8 18. Rxe8+ Qxe8 19. Re1 Qd7 20. Bg5 Kg7 21.
Bh6+ Kg8 22. Bg5 Kg7 23. Bh6+ Kg8 1/2-1/2

[Event "Junior Online 4NCL Division 3"]
[Site "online"]
[Date "2020.05.14"]
[Round "5.31"]
[White "Parnes, Shira"]
[Black "Surapaneni, Rahul"]
[Result "1-0"]
[WhiteElo "1525"]
[BlackElo "1442"]
[PlyCount "141"]
[EventDate "2020.05.14"]
[WhiteTeam "Ojays D"]
[BlackTeam "Cheshire8Z"]

1. e4 c5 2. Nf3 d6 3. d4 cxd4 4. Nxd4 Nf6 5. Nc3 Nc6 6. f3 a6 7. Be3 g6 8. Qd2
Bg7 9. Bc4 b5 10. Bb3 Nxd4 11. Bxd4 e6 12. O-O-O Bb7 13. h4 O-O 14. Be3 Nh5 15.
g4 Nf6 16. h5 d5 17. Bh6 dxe4 18. Qe3 exf3 19. Rxd8 Raxd8 20. hxg6 Nxg4 21.
gxh7+ Kxh7 22. Bxg7+ Kg6 23. Qf4 f5 24. Bxe6 f2 25. Bxf5+ Rxf5 26. Qxg4+ Rg5
27. Qe6+ Kxg7 28. Qe7+ Kg6 29. Qe6+ Kg7 30. Qh6+ Kf7 31. Qh7+ Ke6 32. Rh6+ Ke5
33. Qe7+ Kf4 34. Rf6+ Kg3 35. Qe3+ Kg4 36. Qxf2 Kh5 37. Qh2+ Kg4 38. Qf4+ Kh5
39. Rf5 Rdg8 40. Rxg5+ Rxg5 41. Qf7+ Kg4 42. Qxb7 Kh5 43. Qh1+ Kg6 44. Ne4 Rg4
45. Nf2 Rf4 46. Nd3 Rf5 47. Qg2+ Rg5 48. Qe4+ Kh6 49. Qh4+ Kg6 50. Nf4+ Kf5 51.
Qf2 Rg4 52. Nd3+ Kg5 53. Qc5+ Kh4 54. Qf2+ Kg5 55. Nc5 Rh4 56. Nxa6 Rh1+ 57.
Kd2 Kg4 58. Qg2+ Kf5 59. Qxh1 b4 60. Qh4 b3 61. axb3 Ke5 62. Ke3 Kd5 63. b4 Kc6
64. Qh5 Kb6 65. Kd4 Kc6 66. Qc5+ Kd7 67. Qb6 Kc8 68. Qa7 Kd8 69. Ke5 Kc8 70.
Kd6 Kd8 71. Qa8# 1-0

[Event "Junior Online 4NCL Division 3"]
[Site "online"]
[Date "2020.05.14"]
[Round "5.32"]
[White "Epstein, Jacob"]
[Black "Domingo, Marco"]
[Result "0-1"]
[WhiteElo "1427"]
[BlackElo "1547"]
[PlyCount "108"]
[EventDate "2020.05.14"]
[WhiteTeam "Cheshire8Z"]
[BlackTeam "Ojays D"]

1. e4 e6 2. d4 d5 3. e5 c5 4. c3 Nc6 5. Bb5 Qb6 6. Bxc6+ Qxc6 7. Nf3 Ne7 8. Be3
Nf5 9. dxc5 Nxe3 10. fxe3 Bxc5 11. Nd4 Qb6 12. b3 Bd7 13. O-O Qc7 14. Qf3 Qxe5
15. Qxf7+ Kd8 16. Qf4 Qxf4 17. Rxf4 e5 18. Rf1 exd4 19. exd4 Bb6 20. Nd2 Kc7
21. Rac1 Rac8 22. Kh1 Kb8 23. Rf7 Bc6 24. h3 Rhg8 25. c4 dxc4 26. Rxc4 Bd5 27.
Rxc8+ Rxc8 28. Rxg7 Rc1+ 29. Kh2 Bc7+ 30. Rxc7 Kxc7 31. Nf3 Rc2 32. Ne5 Rxg2+
33. Kh1 Re2+ 34. Kg1 Rxe5 35. dxe5 Kd7 36. Kf2 Ke6 37. Ke3 Kxe5 38. b4 Bxa2 39.
b5 Kd5 40. h4 Kc5 41. h5 Kxb5 42. h6 Bf7 43. Kd4 Bg6 44. Kc3 a5 45. Kb2 a4 46.
Ka1 Kb4 47. Kb2 a3+ 48. Ka1 Ka4 49. Ka2 Bf7+ 50. Ka1 b5 51. Kb1 b4 52. Ka1 b3
53. Kb1 b2 54. Kc2 Bg6+ 0-1

[Event "Junior Online 4NCL Division 3"]
[Site "online"]
[Date "2020.05.14"]
[Round "5.33"]
[White "Amoako, Selikem PJ"]
[Black "Crook, Ethan"]
[Result "1/2-1/2"]
[WhiteElo "1480"]
[BlackElo "1405"]
[PlyCount "131"]
[EventDate "2020.05.14"]
[WhiteTeam "Ojays D"]
[BlackTeam "Cheshire8Z"]

1. e4 e5 2. Nf3 Nc6 3. Bc4 Nf6 4. Ng5 Bc5 5. Nxf7 Bxf2+ 6. Kxf2 Nxe4+ 7. Kg1
Qh4 8. Qf1 Rf8 9. g3 Nxg3 10. hxg3 Qxg3+ 11. Qg2 Qe1+ 12. Qf1 Qg3+ 13. Qg2 Qe1+
14. Kh2 Qh4+ 15. Kg1 Qxc4 16. Ng5 h6 17. Nh3 Nd4 18. Na3 Qe6 19. Nf2 Ne2+ 20.
Kh2 Qf6 21. Nh3 Nf4 22. Nxf4 Qxf4+ 23. Qg3 Qxg3+ 24. Kxg3 d6 25. d3 Bf5 26. Be3
e4 27. dxe4 Bxe4 28. Rhf1 Kd7 29. c3 a6 30. Nc4 Bd5 31. Nd2 Ke7 32. b3 Rf7 33.
Rxf7+ Kxf7 34. c4 Be6 35. Rf1+ Ke7 36. Nb1 Rd8 37. Nc3 c6 38. Bb6 Rd7 39. Rd1
c5 40. Re1 g6 41. Nd5+ Kf7 42. Nc7 Bf5 43. Nd5 Kg7 44. Re7+ Rxe7 45. Nxe7 Kf6
46. Nxf5 Kxf5 47. Bc7 Ke6 48. a3 h5 49. b4 g5 50. Bb6 cxb4 51. axb4 h4+ 52. Kg4
Kd7 53. Kxg5 h3 54. Bg1 b6 55. Kg4 a5 56. Kxh3 axb4 57. Bxb6 Kc6 58. Bd4 b3 59.
Kg2 d5 60. c5 b2 61. Bxb2 Kxc5 62. Kf2 d4 63. Ke2 Kc4 64. Kd2 d3 65. Bc3 Kb3
66. Kxd3 1/2-1/2

[Event "Junior Online 4NCL Division 3"]
[Site "online"]
[Date "2020.05.14"]
[Round "5.34"]
[White "Goldsmith, Max"]
[Black "Byrom, Harris"]
[Result "0-1"]
[WhiteElo "1405"]
[BlackElo "1457"]
[PlyCount "66"]
[EventDate "2020.05.14"]
[WhiteTeam "Cheshire8Z"]
[BlackTeam "Ojays D"]

1. e4 e5 2. Nf3 Nc6 3. Bc4 Nf6 4. Nc3 Bb4 5. d3 d5 6. exd5 Nxd5 7. Bxd5 Bxc3+
8. bxc3 Qxd5 9. O-O Bg4 10. h3 Bh5 11. Re1 O-O-O 12. Re3 e4 13. Rxe4 Qxe4 14.
dxe4 Rxd1+ 15. Kh2 Bxf3 16. gxf3 g5 17. Kg3 h5 18. f4 h4+ 19. Kg4 Rg1+ 20. Kf3
gxf4 21. Kxf4 Rd8 22. Ke3 Rdd1 23. Rb1 Rxc1 24. Rb5 Rxc2 25. Rf5 Rxc3+ 26. Kd2
Rxh3 27. Rxf7 Rg8 28. Ke2 Ra3 29. f4 Rxa2+ 30. Kd3 Ra3+ 31. Kc4 Rd8 32. e5 Rd4+
33. Kc5 Ra5# 0-1

[Event "Junior Online 4NCL Division 3"]
[Site "online"]
[Date "2020.05.14"]
[Round "5.35"]
[White "Surapaneni, Rahul"]
[Black "Parnes, Shira"]
[Result "0-1"]
[WhiteElo "1442"]
[BlackElo "1525"]
[PlyCount "32"]
[EventDate "2020.05.14"]
[WhiteTeam "Cheshire8Z"]
[BlackTeam "Ojays D"]

1. g3 e5 2. Bg2 Nc6 3. e4 Nf6 4. d3 Bc5 5. Nf3 h6 6. Nc3 d6 7. O-O Bg4 8. h3
Bh5 9. Qe1 Bxf3 10. Bxf3 Nd4 11. Bd1 O-O 12. Be3 Qd7 13. b3 Qxh3 14. Na4 Nxc2
15. Bxc2 Ng4 16. Nxc5 Qh2# 0-1

[Event "Junior Online 4NCL Division 3"]
[Site "online"]
[Date "2020.05.14"]
[Round "5.36"]
[White "Domingo, Marco"]
[Black "Epstein, Jacob"]
[Result "0-1"]
[WhiteElo "1547"]
[BlackElo "1427"]
[PlyCount "150"]
[EventDate "2020.05.14"]
[WhiteTeam "Ojays D"]
[BlackTeam "Cheshire8Z"]

1. e4 e5 2. f4 d5 3. Nf3 dxe4 4. Nxe5 Bd6 5. Bc4 Bxe5 6. fxe5 Nc6 7. Qe2 Nxe5
8. Qxe4 Qe7 9. Be2 Nf6 10. Qe3 Nc6 11. Qxe7+ Nxe7 12. Nc3 O-O 13. O-O Be6 14.
d3 Nfd5 15. Nxd5 Bxd5 16. Bf3 Bxf3 17. Rxf3 Rad8 18. Rg3 Ng6 19. Be3 a6 20. Rd1
Rfe8 21. Bg5 f6 22. Bd2 Ne5 23. Bc3 Kf7 24. Re1 Nc6 25. Rf1 Nd4 26. Bxd4 Rxd4
27. c3 Rdd8 28. d4 Re2 29. Rb1 Rde8 30. Kf1 Rc2 31. Rf3 Ree2 32. Rg3 Rxb2 33.
Rxb2 Rxb2 34. Ke1 Rxa2 35. Kd1 Ke6 36. Kc1 g6 37. Kb1 Rf2 38. Kc1 Kd5 39. Kd1
Kc4 40. Kc1 a5 41. Kb1 a4 42. Kc1 a3 43. Kb1 Kb3 44. Kc1 Rf1+ 45. Kd2 a2 46.
c4+ Kxc4 47. Ra3 a1=Q 48. Rxa1 Rxa1 49. Ke3 Re1+ 50. Kd2 Rg1 51. g3 Rg2+ 52.
Ke3 Rxh2 53. Kf3 Rh3 54. Kg4 Rxg3+ 55. Kxg3 Kxd4 56. Kf4 h6 57. Kg4 Ke4 58. Kg3
g5 59. Kf2 h5 60. Kg2 f5 61. Kf2 Kd3 62. Ke1 f4 63. Kf1 Kd2 64. Kf2 g4 65. Kf1
h4 66. Kf2 g3+ 67. Kg2 b5 68. Kf1 f3 69. Kg1 Ke2 70. Kh1 g2+ 71. Kg1 f2+ 72.
Kh2 g1=Q+ 73. Kh3 f1=Q+ 74. Kxh4 Qf4+ 75. Kh5 Qgg5# 0-1

[Event "Junior Online 4NCL Division 3"]
[Site "online"]
[Date "2020.05.14"]
[Round "5.37"]
[White "Crook, Ethan"]
[Black "Amoako, Selikem PJ"]
[Result "1-0"]
[WhiteElo "1405"]
[BlackElo "1480"]
[PlyCount "89"]
[EventDate "2020.05.14"]
[WhiteTeam "Cheshire8Z"]
[BlackTeam "Ojays D"]

1. e4 Nf6 2. e5 Nd5 3. d4 e6 4. Nf3 d6 5. c4 Nb6 6. Nc3 dxe5 7. Nxe5 c5 8. Nf3
cxd4 9. Qxd4 Qxd4 10. Nxd4 a6 11. Be2 Bd7 12. Be3 Nc6 13. Nxc6 Nxc4 14. Bxc4
Bxc6 15. O-O b5 16. Bd3 Rd8 17. Rad1 Be7 18. Be4 Bd7 19. Rd2 O-O 20. Bb6 Rb8
21. Rxd7 Bf6 22. Bd4 Bg5 23. f4 Bh4 24. g3 Bd8 25. Ba7 Rc8 26. Bb7 Rc4 27. Bxa6
Rb4 28. b3 Bf6 29. Bc5 Bxc3 30. Bxb4 Bxb4 31. Bxb5 g6 32. Rc1 Kg7 33. Rc4 Ba5
34. b4 Bb6+ 35. Kg2 Ra8 36. Rb7 Rxa2+ 37. Kf3 Bd8 38. Rc8 Bf6 39. Rcc7 Bd4 40.
Rxf7+ Kg8 41. Rxh7 Rf2+ 42. Kg4 e5 43. Rhc7 Bc5 44. Bc4+ Kh8 45. Rh7# 1-0

[Event "Junior Online 4NCL Division 3"]
[Site "online"]
[Date "2020.05.14"]
[Round "5.38"]
[White "Byrom, Harris"]
[Black "Goldsmith, Max"]
[Result "1-0"]
[WhiteElo "1457"]
[BlackElo "1405"]
[PlyCount "51"]
[EventDate "2020.05.14"]
[WhiteTeam "Ojays D"]
[BlackTeam "Cheshire8Z"]

1. d4 d5 2. c4 e6 3. Nc3 c5 4. Nf3 Nf6 5. Bf4 Nc6 6. e3 cxd4 7. exd4 Bb4 8.
cxd5 exd5 9. Bd3 Qe7+ 10. Qe2 Qxe2+ 11. Bxe2 Ne4 12. Rc1 Nxc3 13. bxc3 Ba3 14.
Rd1 Bb2 15. O-O Bxc3 16. Bb5 O-O 17. Bxc6 bxc6 18. Rc1 Bb2 19. Rxc6 Bf5 20. Bd2
Rac8 21. Rc5 Bxd4 22. Rxc8 Rxc8 23. Nxd4 Be4 24. Re1 Rc2 25. Nxc2 Bxc2 26. Re8#
1-0

[Event "Junior Online 4NCL Division 3"]
[Site "online"]
[Date "2020.05.14"]
[Round "5.41"]
[White "Hurst, Joseph"]
[Black "Brightley-Davies, Ciaran"]
[Result "0-1"]
[WhiteElo "1645"]
[BlackElo "1637"]
[PlyCount "76"]
[EventDate "2020.05.14"]
[WhiteTeam "Robin Hoods 1"]
[BlackTeam "KJCA Young Kestrels C"]

1. e4 e6 2. Nf3 d5 3. Nc3 dxe4 4. Nxe4 Bd7 5. Bc4 Bc6 6. Nc3 Nf6 7. O-O Bd6 8.
d3 O-O 9. Bg5 h6 10. Bh4 Nbd7 11. Ne4 Bxe4 12. dxe4 Ne5 13. Nxe5 Bxe5 14. c3
Qd6 15. f4 Bxf4 16. Qxd6 Bxd6 17. Bxf6 gxf6 18. Rxf6 Kg7 19. Rf2 Bc5 20. Rd1
Bxf2+ 21. Kxf2 Rad8 22. Rxd8 Rxd8 23. Ke2 c6 24. b4 b5 25. Bb3 Kf6 26. c4 Ke5
27. cxb5 cxb5 28. Bc2 Rd4 29. Ke3 Rxb4 30. a3 Rb2 31. Kd3 Ra2 32. Kc3 Rxa3+ 33.
Kb4 Ra2 34. Kb3 Rxc2 35. Kxc2 Kxe4 36. Kb3 Kd4 37. Kb4 e5 38. Kxb5 e4 0-1

[Event "Junior Online 4NCL Division 3"]
[Site "online"]
[Date "2020.05.14"]
[Round "5.42"]
[White "Chaban, Roxolana"]
[Black "Stapleton, Dean"]
[Result "0-1"]
[WhiteElo "1690"]
[BlackElo "1457"]
[PlyCount "28"]
[EventDate "2020.05.14"]
[WhiteTeam "KJCA Young Kestrels C"]
[BlackTeam "Robin Hoods 1"]

1. e4 e5 2. Nf3 Nc6 3. Bc4 Bc5 4. c3 Nf6 5. d4 exd4 6. e5 Ne4 7. Bd5 Nxf2 8.
Kxf2 dxc3+ 9. Kg3 cxb2 10. Bxb2 d6 11. Bxc6+ bxc6 12. Re1 O-O 13. Nc3 Qd7 14.
Ne4 Qg4# 0-1

[Event "Junior Online 4NCL Division 3"]
[Site "online"]
[Date "2020.05.14"]
[Round "5.43"]
[White "Tomsett, Jonah"]
[Black "Mehta, Shaurya"]
[Result "1-0"]
[WhiteElo "1382"]
[BlackElo "1615"]
[PlyCount "123"]
[EventDate "2020.05.14"]
[WhiteTeam "Robin Hoods 1"]
[BlackTeam "KJCA Young Kestrels C"]

1. e4 e5 2. Nf3 Nc6 3. Bc4 Nf6 4. Nc3 d6 5. h3 Be7 6. O-O O-O 7. d3 h6 8. a3 a6
9. Be3 b5 10. Bd5 Nxd5 11. exd5 Na7 12. d4 exd4 13. Bxd4 c6 14. Qd3 c5 15. Be3
Bb7 16. Qe4 Re8 17. Qg4 Bf6 18. Bxh6 Bc8 19. Qg3 Bf5 20. Rae1 Rxe1 21. Rxe1
Bxc2 22. Re2 Bg6 23. Bc1 Rc8 24. Bg5 Bxg5 25. Qxg5 Qxg5 26. Nxg5 b4 27. axb4
cxb4 28. Nce4 Bxe4 29. Rxe4 a5 30. Nf3 Rc1+ 31. Kh2 Rc2 32. Re8+ Kh7 33. Ng5+
Kg6 34. Ne4 Nb5 35. Rb8 Nd4 36. Nxd6 Rxb2 37. Nc4 Ra2 38. Rb6+ Kh7 39. d6 Ne6
40. d7 Rc2 41. Rxe6 Rxc4 42. d8=Q fxe6 43. Qd3+ Kg8 44. Qxc4 Kf7 45. g4 Ke7 46.
Qb5 Kd6 47. Qxa5 b3 48. Qb4+ Kc6 49. Qxb3 Kd6 50. h4 Ke5 51. Qf3 Kd6 52. h5 e5
53. g5 Kc5 54. h6 e4 55. Qxe4 g6 56. h7 Kb6 57. h8=Q Ka7 58. Qh7+ Kb6 59. Qc2
Ka6 60. Qh3 Kb5 61. Qhb3+ Ka5 62. Qca2# 1-0

[Event "Junior Online 4NCL Division 3"]
[Site "online"]
[Date "2020.05.14"]
[Round "5.44"]
[White "Oprea, Danny"]
[Black "Griffin-Young, Sebastian"]
[Result "1-0"]
[WhiteElo "1630"]
[BlackElo "1420"]
[PlyCount "55"]
[EventDate "2020.05.14"]
[WhiteTeam "KJCA Young Kestrels C"]
[BlackTeam "Robin Hoods 1"]

1. c4 Nf6 2. g3 g6 3. Bg2 Bg7 4. Nc3 O-O 5. Nf3 c6 6. O-O d5 7. cxd5 cxd5 8. d4
Nc6 9. Be3 Qb6 10. Qd2 Ng4 11. Bf4 Nxd4 12. Nxd5 e6 13. Nxb6 Nxf3+ 14. Bxf3
axb6 15. Bxg4 Ra5 16. Bh6 Rd5 17. Qe3 Re5 18. Qf4 Rb5 19. Bxg7 Kxg7 20. b3 e5
21. Qc4 Rc5 22. Qe4 f5 23. Qd3 fxg4 24. Rac1 Ra5 25. Rc7+ Kh8 26. Qd6 Re8 27.
Qf6+ Kg8 28. Qg7# 1-0

[Event "Junior Online 4NCL Division 3"]
[Site "online"]
[Date "2020.05.14"]
[Round "5.45"]
[White "Brightley-Davies, Ciaran"]
[Black "Hurst, Joseph"]
[Result "1/2-1/2"]
[WhiteElo "1637"]
[BlackElo "1645"]
[PlyCount "117"]
[EventDate "2020.05.14"]
[WhiteTeam "KJCA Young Kestrels C"]
[BlackTeam "Robin Hoods 1"]

1. e4 d5 2. exd5 Qxd5 3. Nc3 Qd6 4. Nf3 Nf6 5. d4 a6 6. Be2 Nc6 7. O-O Bg4 8.
Be3 O-O-O 9. h3 Bxf3 10. Bxf3 Nxd4 11. Bxd4 Qxd4 12. Qxd4 Rxd4 13. Rad1 Rxd1
14. Rxd1 e6 15. Na4 b5 16. Nc3 Bd6 17. a4 b4 18. Ne4 Nxe4 19. Bxe4 a5 20. b3 f5
21. Bc6 Rd8 22. Re1 e5 23. Bd5 Re8 24. f4 e4 25. g3 Kd7 26. Bc4 h6 27. Rd1 g5
28. fxg5 hxg5 29. Rd5 Re5 30. Rxe5 Bxe5 31. Kf2 f4 32. gxf4 gxf4 33. h4 Ke7 34.
h5 Kf6 35. Ke2 Kg5 36. Bd5 e3 37. Bf7 Bd4 38. Kf3 c5 39. Bg6 Kh4 40. Bf7 Kg5
41. Be8 Kf5 42. Bg6+ Ke5 43. Bf7 Kf5 44. h6 Kg5 45. h7 Kh6 46. Bg8 Kg5 47. Bc4
Kg6 48. Bg8 Kg5 49. Bc4 Kf5 50. Bd3+ Kf6 51. Be4 Kf7 52. Bd3 Kg7 53. Kxf4 Kh8
54. Kf3 Kg7 55. Kf4 Kh8 56. Kg3 Kg7 57. Kh4 Kh6 58. Kg4 Kg7 59. Kf4 1/2-1/2

[Event "Junior Online 4NCL Division 3"]
[Site "online"]
[Date "2020.05.14"]
[Round "5.46"]
[White "Stapleton, Dean"]
[Black "Chaban, Roxolana"]
[Result "0-1"]
[WhiteElo "1457"]
[BlackElo "1690"]
[PlyCount "98"]
[EventDate "2020.05.14"]
[WhiteTeam "Robin Hoods 1"]
[BlackTeam "KJCA Young Kestrels C"]

1. d4 Nf6 2. Nc3 d5 3. Bf4 e6 4. e3 Be7 5. Qd2 O-O 6. Bd3 c6 7. Nh3 Nbd7 8. f3
Nh5 9. O-O-O Nxf4 10. Nxf4 a5 11. e4 b5 12. Nxb5 cxb5 13. Bxb5 dxe4 14. fxe4
Qb6 15. Qe2 Bg5 16. Rhf1 Rb8 17. a4 Ba6 18. Bxa6 Qxb2+ 19. Kd2 Qxd4+ 20. Bd3 e5
21. g3 exf4 22. gxf4 Be7 23. Ke1 Bb4+ 24. Rd2 Bxd2+ 25. Qxd2 Rb1+ 26. Ke2 Rxf1
27. Kxf1 Nc5 28. e5 Nxd3 29. cxd3 Qxa4 30. f5 Rd8 31. f6 Qa1+ 32. Ke2 Qxe5+ 33.
Kd1 Qxf6 34. h4 Qxh4 35. Kc1 Qh1+ 36. Kc2 Qc6+ 37. Kd1 a4 38. Qa5 Rxd3+ 39. Qd2
Rxd2+ 40. Kxd2 a3 41. Kd3 a2 42. Kd4 a1=Q+ 43. Kd3 Qd1+ 44. Ke3 Qe6+ 45. Kf2
Qee2+ 46. Kg3 Qdf1 47. Kh4 Qh2+ 48. Kg4 Qhg2+ 49. Kh5 Qfh1# 0-1

[Event "Junior Online 4NCL Division 3"]
[Site "online"]
[Date "2020.05.14"]
[Round "5.47"]
[White "Mehta, Shaurya"]
[Black "Tomsett, Jonah"]
[Result "1/2-1/2"]
[WhiteElo "1615"]
[BlackElo "1382"]
[PlyCount "73"]
[EventDate "2020.05.14"]
[WhiteTeam "KJCA Young Kestrels C"]
[BlackTeam "Robin Hoods 1"]

1. e4 e5 2. Nf3 Nc6 3. Bc4 Nf6 4. Ng5 d5 5. exd5 Nxd5 6. Nxf7 Kxf7 7. Qf3+ Ke8
8. Bxd5 Qe7 9. Bxc6+ Bd7 10. Bxb7 Rb8 11. Bd5 e4 12. Qxe4 Qxe4+ 13. Bxe4 Rb4
14. d3 Rb6 15. O-O Be7 16. Re1 Re6 17. Bd2 Bf6 18. Nc3 Be5 19. Rab1 Rh6 20. Bd5
Kd8 21. Bxh6 gxh6 22. Rxe5 Rf8 23. Rbe1 c6 24. Bc4 a5 25. Na4 c5 26. Nxc5 Bc6
27. Ne6+ Kc8 28. Nxf8 Kb7 29. Nxh7 Kb6 30. Nf6 Bb7 31. Rh5 Bc6 32. Rxh6 Bb7 33.
Nd7+ Ka7 34. Re7 a4 35. Nc5 a3 36. bxa3 Ka8 37. Rxb7 1/2-1/2